[Event "III Festival A"]
[Site "Verona ITA"]
[Date "1997.01.??"]
[Round "5"]
[White "De Vita, Gianni"]
[Black "Ferretti, Folco"]
[Result "0-1"]
[WhiteElo "2170"]
[BlackElo "2255"]
[PlyCount "90"]
[EventDate "1997.01.02"]

1. e4 e5 2. Nf3 Nc6 3. d4 exd4 4. Nxd4 Bc5 5. Be3 Qf6 6. c3 Nge7 7. Bc4 Ne5 8.
Be2 Qg6 9. O-O d6 10. Bh5 Qxe4 11. Nd2 Qh4 12. Nb5 O-O 13. Bxc5 dxc5 14. Nxc7
Rb8 15. Qe2 N7c6 16. f4 Ng4 17. Bxg4 Bxg4 18. Nf3 Qd8 19. Nb5 a6 20. Rad1 Qf6
21. Nc7 Qxf4 22. Nd5 Qh6 23. Qe4 Qe6 24. Qf4 Bxf3 25. Rxf3 Rbd8 26. Rfd3 Kh8
27. Qc7 Rd7 28. Qb6 c4 29. Re3 Rxd5 30. Rxe6 Rxd1+ 31. Kf2 fxe6+ 32. Ke2 Rd7
33. Qc5 Rf5 34. Qxc4 Re5+ 35. Kf3 Rf7+ 36. Kg3 Rg5+ 37. Kh3 Rf6 38. g3 h5 39.
Qb3 Rb5 40. Qa3 Rf2 41. b4 Ne5 42. g4 Nxg4 43. c4 Rbf5 44. Qa5 R5f3+ 45. Kh4
Rxh2+ 0-1

[Event "III Festival A"]
[Site "Verona ITA"]
[Date "1997.01.??"]
[Round "5"]
[White "Everet, Alexandro"]
[Black "Guido, Flavio"]
[Result "0-1"]
[WhiteElo "2135"]
[BlackElo "2300"]
[PlyCount "108"]
[EventDate "1997.01.02"]

1. d4 f5 2. c4 Nf6 3. Nc3 g6 4. g3 Bg7 5. Bg2 O-O 6. Qb3 e6 7. Bg5 h6 8. Bxf6
Qxf6 9. e3 Nc6 10. Nge2 e5 11. d5 Nb8 12. O-O d6 13. f4 Nd7 14. Qc2 exf4 15.
exf4 a5 16. Kh1 Nc5 17. Rab1 Bd7 18. b3 Rfe8 19. a3 Re3 20. Nd1 Re7 21. Ng1
Rae8 22. Nf2 Re3 23. Nd1 R3e7 24. Bf3 b6 25. Ne2 b5 26. b4 axb4 27. axb4 Ne4
28. c5 c6 29. cxd6 Qxd6 30. dxc6 Bxc6 31. Ng1 Kh8 32. Nf2 Nc3 33. Rb3 Bxf3+ 34.
Nxf3 Rc8 35. Rxc3 Bxc3 36. Qd3 Qxd3 37. Nxd3 Re3 38. Nde5 Ra8 39. Kg2 Re2+ 40.
Kh3 Ra1 41. Rxa1 Bxa1 42. Nc6 Bc3 43. Nfd4 Bxd4 44. Nxd4 Re4 45. Nxb5 Rxb4 46.
Nc3 Rb2 47. Nd5 Kg7 48. Ne3 Rd2 49. Nc4 Re2 50. Ne5 g5 51. g4 Re3+ 52. Kg2 Rxe5
53. fxe5 fxg4 54. Kg3 h5 0-1

[Event "III Festival A"]
[Site "Verona ITA"]
[Date "1997.01.??"]
[Round "5"]
[White "Franchini, Gabriele"]
[Black "De Bortoli, Peter"]
[Result "1/2-1/2"]
[WhiteElo "2200"]
[BlackElo "2090"]
[PlyCount "58"]
[EventDate "1997.01.02"]

1. e4 c5 2. Nf3 d6 3. d4 cxd4 4. Qxd4 Nc6 5. Bb5 Bd7 6. Bxc6 bxc6 7. O-O e5 8.
Qd3 h6 9. h3 Nf6 10. Rd1 Qc7 11. c4 Be7 12. Nc3 O-O 13. b3 Rad8 14. Be3 Rfe8
15. Rac1 Bf8 16. Ne1 Qb7 17. Qc2 Be6 18. Nf3 Bc8 19. Nh2 Qa8 20. Rd3 Bb7 21.
Rcd1 Rc8 22. Qb2 Rb8 23. f3 Rbd8 24. Qf2 a5 25. Na4 Ba6 26. R3d2 Rb8 27. Ng4
Nxg4 28. hxg4 Rb4 29. Nb2 Rb7 1/2-1/2

[Event "III Festival A"]
[Site "Verona ITA"]
[Date "1997.01.??"]
[Round "5"]
[White "Maccapan, Fabio"]
[Black "Bressanelli, Roberto"]
[Result "1/2-1/2"]
[WhiteElo "1819"]
[BlackElo "2140"]
[PlyCount "93"]
[EventDate "1997.01.02"]

1. e4 e5 2. Nf3 Nc6 3. Nc3 Nf6 4. d4 exd4 5. Nxd4 Bb4 6. Nxc6 bxc6 7. Bd3 d5 8.
exd5 cxd5 9. O-O O-O 10. Bg5 c6 11. Qf3 h6 12. Bxf6 Qxf6 13. Qxf6 gxf6 14. Ne2
Bd6 15. Ng3 Rb8 16. b3 Kh8 17. Nf5 Bxf5 18. Bxf5 Rbd8 19. Rad1 Rfe8 20. Rfe1
Re5 21. Rxe5 fxe5 22. Bd3 e4 23. Ba6 Bc5 24. Bb7 Rd6 25. g3 Rf6 26. Rf1 Kg7 27.
Kg2 Kf8 28. f3 e3 29. f4 Re6 30. Kf3 e2 31. Re1 Re3+ 32. Kg2 Bb4 33. Kf2 Re7
34. Bxc6 Rc7 35. Bxd5 Bxe1+ 36. Kxe1 Rxc2 37. a4 Rb2 38. g4 Ke7 39. h4 f6 40.
g5 fxg5 41. fxg5 hxg5 42. hxg5 Kd6 43. Bc4 Ke5 44. g6 Kf6 45. Bf7 a5 46. Kf2
Kg7 47. Ke1 1/2-1/2

[Event "III Festival A"]
[Site "Verona ITA"]
[Date "1997.01.??"]
[Round "5"]
[White "Martorelli, Antonio"]
[Black "Farina, Saverio"]
[Result "0-1"]
[WhiteElo "2365"]
[BlackElo "2170"]
[PlyCount "98"]
[EventDate "1997.01.02"]

1. e4 e6 2. d3 d5 3. Nd2 c5 4. Ngf3 Nc6 5. g3 Nf6 6. Bg2 Be7 7. O-O O-O 8. Re1
Qc7 9. e5 Nd7 10. Qe2 b5 11. Nf1 a5 12. h4 Nd4 13. Nxd4 cxd4 14. Nh2 Bb4 15.
Bd2 Bxd2 16. Qxd2 Nxe5 17. Qf4 f6 18. Qxd4 Qxc2 19. Bxd5 Ra6 20. Be4 Nc6 21.
Qe3 Qxb2 22. Rac1 Nb4 23. d4 Nd5 24. Bxd5 exd5 25. Rc7 Re6 26. Qc1 Qxc1 27.
Rexc1 Ba6 28. Ng4 b4 29. Ne3 Rfe8 30. R1c5 a4 31. Nf5 Bd3 32. Nxg7 Re1+ 33. Kg2
R8e7 34. Nh5 Kf7 35. Nf4 Bc4 36. Rxe7+ Rxe7 37. Nxd5 Bxa2 38. Nxb4 Bb3 39. Kf3
Ra7 40. Nc6 Ra8 41. Ke2 a3 42. Na5 Ba4 43. Nb7 a2 44. Rc1 Bc6 45. Nd6+ Ke6 46.
Rxc6 a1=Q 47. Ne4+ Kd5 48. Rd6+ Kxe4 49. f3+ Kf5 0-1

[Event "III Festival A"]
[Site "Verona ITA"]
[Date "1997.01.??"]
[Round "5"]
[White "Messa, Roberto"]
[Black "Tommasi, Daniele"]
[Result "1-0"]
[WhiteElo "2305"]
[BlackElo "2032"]
[PlyCount "47"]
[EventDate "1997.01.02"]

1. e4 c5 2. Nc3 Nc6 3. f4 g6 4. Nf3 Bg7 5. Bc4 e6 6. O-O Nge7 7. e5 d6 8. d3
O-O 9. Kh1 d5 10. Bb3 Na5 11. Ne2 Nxb3 12. axb3 d4 13. Ng3 b6 14. Ne4 Nd5 15.
Qe1 f5 16. exf6 Nxf6 17. Neg5 Qd5 18. Bd2 Nh5 19. Qh4 Bb7 20. Rae1 Rae8 21. Rf2
h6 22. Ne4 Rf7 23. Qg4 Ref8 24. Nh4 1-0

[Event "III Festival A"]
[Site "Verona ITA"]
[Date "1997.01.??"]
[Round "5"]
[White "Mollero, Michele"]
[Black "Ravagnani, Tiziano"]
[Result "0-1"]
[WhiteElo "2050"]
[BlackElo "1914"]
[PlyCount "64"]
[EventDate "1997.01.02"]

1. e4 c5 2. Nc3 e6 3. f4 d5 4. d3 Nf6 5. e5 d4 6. exf6 dxc3 7. bxc3 Qxf6 8. Bd2
Nc6 9. Nf3 Bd6 10. g3 e5 11. fxe5 Nxe5 12. Be2 Bh3 13. Ng5 Bg2 14. Rg1 h6 15.
Nh7 Qe6 16. Rxg2 Rxh7 17. Kf1 O-O-O 18. Rb1 f5 19. Kg1 g5 20. d4 Re7 21. Bf1
Qd5 22. Rf2 Ng4 23. Re2 Qf3 24. Rg2 Qxd1 25. Rxd1 Rde8 26. h3 Ne3 27. Bxe3 Rxe3
28. g4 f4 29. Rf2 f3 30. Rfd2 Bf4 31. Rb1 Re2 32. Rdd1 Rh2 0-1

[Event "III Festival A"]
[Site "Verona ITA"]
[Date "1997.01.??"]
[Round "5"]
[White "Ortega, Lexy"]
[Black "Sulava, Nenad"]
[Result "1/2-1/2"]
[WhiteElo "2460"]
[BlackElo "2380"]
[PlyCount "32"]
[EventDate "1997.01.02"]

1. e4 c5 2. Nf3 Nc6 3. d4 cxd4 4. Nxd4 Nf6 5. Nc3 e5 6. Ndb5 d6 7. Bg5 a6 8.
Na3 b5 9. Nd5 Be7 10. Bxf6 Bxf6 11. c3 O-O 12. Be2 Rb8 13. Nc2 a5 14. O-O Be6
15. Nce3 Bg5 16. a3 Ne7 1/2-1/2

[Event "III Festival A"]
[Site "Verona ITA"]
[Date "1997.01.??"]
[Round "5"]
[White "Peric, Slavisa"]
[Black "Danieli, Enrico"]
[Result "1-0"]
[WhiteElo "2260"]
[BlackElo "1930"]
[PlyCount "51"]
[EventDate "1997.01.02"]

1. d4 Nf6 2. c4 g6 3. Nc3 Bg7 4. e4 d6 5. Nf3 O-O 6. Be2 e5 7. dxe5 dxe5 8.
Qxd8 Rxd8 9. Nd5 Nxd5 10. cxd5 c6 11. Bc4 b5 12. Bb3 c5 13. a4 b4 14. Be3 Nd7
15. Rc1 Ba6 16. Nd2 Rac8 17. a5 Bb5 18. Bc4 a6 19. Ke2 Bf8 20. Kd3 f5 21. f3
Nf6 22. h3 Nh5 23. Rc2 Ng3 24. Rhc1 Rxd5+ 25. exd5 e4+ 26. fxe4 1-0

[Event "III Festival A"]
[Site "Verona ITA"]
[Date "1997.01.??"]
[Round "5"]
[White "Popa, Florin"]
[Black "Sbarra, Marco"]
[Result "1/2-1/2"]
[WhiteElo "2180"]
[BlackElo "2285"]
[PlyCount "32"]
[EventDate "1997.01.02"]

1. e4 e5 2. Nf3 d6 3. d4 Nf6 4. Nc3 Nbd7 5. Bc4 Be7 6. O-O O-O 7. Re1 c6 8. h3
b5 9. Bf1 Bb7 10. Bg5 b4 11. Nb1 h6 12. Bh4 Re8 13. c3 bxc3 14. bxc3 exd4 15.
cxd4 c5 16. Nc3 Qa5 1/2-1/2

[Event "III Festival A"]
[Site "Verona ITA"]
[Date "1997.01.??"]
[Round "5"]
[White "Turci, Stefano"]
[Black "Ventura, Sergio"]
[Result "0-1"]
[WhiteElo "2185"]
[BlackElo "2190"]
[PlyCount "60"]
[EventDate "1997.01.02"]

1. e4 g6 2. d4 Bg7 3. Nf3 d5 4. exd5 Qxd5 5. Nc3 Qd8 6. Bf4 Nf6 7. Qd2 Bg4 8.
Ne5 Be6 9. O-O-O Nbd7 10. Nxd7 Bxd7 11. Bh6 Bxh6 12. Qxh6 c6 13. Bc4 Qc7 14.
Rhe1 Rf8 15. Qh4 Qd6 16. d5 c5 17. Nb5 Bxb5 18. Bxb5+ Kd8 19. Re6 fxe6 20. dxe6
Nd5 21. c4 Kc7 22. Rxd5 Qxe6 23. Qg3+ Kb6 24. Re5 Qd6 25. Qe3 Rf6 26. b4 Rc8
27. a4 a5 28. bxc5+ Rxc5 29. Rxe7 h5 30. Re5 Qxe5 0-1

[Event "III Festival A"]
[Site "Verona ITA"]
[Date "1997.01.??"]
[Round "5"]
[White "Wohl, Aleksandar H."]
[Black "Luciani, Valerio"]
[Result "1/2-1/2"]
[WhiteElo "2425"]
[BlackElo "2180"]
[PlyCount "55"]
[EventDate "1997.01.02"]

1. Nf3 d6 2. e4 Nf6 3. Nc3 c6 4. d4 Bg4 5. h3 Bh5 6. g4 Bg6 7. Qe2 e6 8. h4 h5
9. g5 Nfd7 10. Bg2 Be7 11. a4 d5 12. O-O O-O 13. Bf4 Na6 14. exd5 cxd5 15. Ne1
Re8 16. Nb5 Nb6 17. c3 Nc4 18. Nf3 Be4 19. b3 Nd6 20. Bxd6 Bxd6 21. Ne5 Bxg2
22. Kxg2 g6 23. Rfe1 Nc7 24. Nxd6 Qxd6 25. Qf3 Rf8 26. Re3 Ne8 27. Qf4 Rd8 28.
Rd1 1/2-1/2

[Event "III Festival A"]
[Site "Verona ITA"]
[Date "1997.01.??"]
[Round "5"]
[White "Zoldan, Matteo"]
[Black "Pegoraro, Nicola"]
[Result "1/2-1/2"]
[WhiteElo "2155"]
[BlackElo "2065"]
[PlyCount "109"]
[EventDate "1997.01.02"]

1. e4 c5 2. Nf3 d6 3. d4 cxd4 4. Nxd4 Nf6 5. Nc3 a6 6. Be3 e5 7. Nb3 Be6 8. f3
Be7 9. g4 d5 10. g5 d4 11. gxf6 Bxf6 12. Bf2 dxc3 13. Qxd8+ Bxd8 14. bxc3 Nd7
15. O-O-O Rc8 16. Kb2 O-O 17. Rg1 Be7 18. Be3 Rfd8 19. Be2 Rc7 20. Rg2 Rdc8 21.
Rd3 Kf8 22. Bg1 g6 23. Be3 Ke8 24. Bg1 Bc4 25. Rd2 Bxe2 26. Rgxe2 Rxc3 27. Rd3
Rxd3 28. cxd3 Bb4 29. Rc2 Rxc2+ 30. Kxc2 b6 31. d4 exd4 32. Bxd4 Bd6 33. h3 Ke7
34. Kd2 Ke6 35. Ke2 Be5 36. Bg1 g5 37. Be3 Bf6 38. Kd3 Ne5+ 39. Ke2 Nd7 40. Kd3
h6 41. Ke2 Be5 42. Kd3 Kd6 43. Bg1 Kc6 44. Kc4 Bf6 45. Nd2 Ne5+ 46. Kb3 Ng6 47.
Be3 b5 48. Kc2 Bd8 49. Nb3 Bb6 50. Kd3 a5 51. Nd4+ Bxd4 52. Kxd4 Kd6 53. Bf2 f6
54. a3 Kc6 55. Be1 1/2-1/2

[Event "III Festival A"]
[Site "Verona ITA"]
[Date "1997.01.??"]
[Round "6"]
[White "Bressanelli, Roberto"]
[Black "Bertani, Gianfranco"]
[Result "0-1"]
[WhiteElo "2140"]
[BlackElo "2029"]
[PlyCount "32"]
[EventDate "1997.01.02"]

1. e4 c5 2. b4 cxb4 3. a3 d5 4. exd5 Qxd5 5. Nf3 Bg4 6. Bb2 Bxf3 7. gxf3 e5 8.
Bg2 Nc6 9. O-O Nf6 10. f4 e4 11. Re1 O-O-O 12. Bxf6 gxf6 13. Rxe4 Rg8 14. f3 f5
15. c4 Qc5+ 16. d4 fxe4 0-1

[Event "III Festival A"]
[Site "Verona ITA"]
[Date "1997.01.??"]
[Round "6"]
[White "Corvi, Marco"]
[Black "De Vita, Igor"]
[Result "1-0"]
[WhiteElo "2235"]
[BlackElo "2130"]
[PlyCount "93"]
[EventDate "1997.01.02"]

1. c4 e6 2. Nf3 Nf6 3. b3 d5 4. Bb2 Be7 5. g3 O-O 6. Bg2 c5 7. O-O Nc6 8. d3
Re8 9. Nbd2 Qc7 10. cxd5 exd5 11. Rc1 Qb6 12. Ne5 Nxe5 13. Bxe5 Be6 14. e4 dxe4
15. dxe4 Red8 16. Qc2 Qa6 17. Rfe1 Qd3 18. Nc4 Bxc4 19. Qxc4 Qxc4 20. Rxc4 b5
21. Rc2 Rac8 22. Bf1 a6 23. f3 Nd7 24. Bf4 Nb8 25. Bh3 Rc6 26. Rec1 Nd7 27. Rd1
Nf8 28. Rxd8 Bxd8 29. Be3 Bb6 30. Kf2 Ne6 31. f4 Rc7 32. Bxe6 fxe6 33. e5 Kf7
34. Kf3 Ke7 35. Ke4 g6 36. g4 Ba7 37. f5 gxf5+ 38. gxf5 exf5+ 39. Kxf5 Rc8 40.
b4 Rf8+ 41. Ke4 Rf1 42. Rg2 Rf7 43. Kd5 Rf1 44. Rg7+ Rf7 45. Bxc5+ Bxc5 46.
Rxf7+ Kxf7 47. bxc5 1-0

[Event "III Festival A"]
[Site "Verona ITA"]
[Date "1997.01.??"]
[Round "6"]
[White "Danieli, Enrico"]
[Black "Martorelli, Antonio"]
[Result "0-1"]
[WhiteElo "1930"]
[BlackElo "2365"]
[PlyCount "68"]
[EventDate "1997.01.02"]

1. Nf3 Nf6 2. d4 g6 3. Nc3 Bg7 4. e4 d6 5. h3 a6 6. a4 O-O 7. Be2 b6 8. O-O Bb7
9. Bd3 Nbd7 10. Qe2 e6 11. Bg5 h6 12. Bh4 Qb8 13. Bg3 c5 14. dxc5 Nxc5 15. Nd2
Nh5 16. Bh2 Bxc3 17. bxc3 e5 18. Qe3 g5 19. g3 Qc8 20. h4 f6 21. Be2 Ng7 22. f4
Qh3 23. Bc4+ Kh7 24. Rf3 gxf4 25. gxf4 Qd7 26. Raf1 f5 27. fxe5 Nxe4 28. Nxe4
Bxe4 29. R3f2 Ne6 30. Bf4 Rg8+ 31. Kh2 Rg4 32. Bg3 Rag8 33. Rg1 Qe7 34. Bxe6
Rxh4+ 0-1

[Event "III Festival A"]
[Site "Verona ITA"]
[Date "1997.01.??"]
[Round "6"]
[White "De Bortoli, Peter"]
[Black "Popa, Florin"]
[Result "0-1"]
[WhiteElo "2090"]
[BlackElo "2180"]
[PlyCount "98"]
[EventDate "1997.01.02"]

1. e4 e5 2. f4 exf4 3. Nf3 Be7 4. Bc4 Bh4+ 5. g3 fxg3 6. O-O gxh2+ 7. Kh1 d5 8.
Bxd5 Nf6 9. Nxh4 Nxd5 10. exd5 Qxh4 11. Re1+ Kd8 12. Re3 Re8 13. Rxe8+ Kxe8 14.
Qe2+ Qe7 15. Qxe7+ Kxe7 16. c4 Bf5 17. d4 Bxb1 18. Rxb1 Na6 19. b4 Re8 20. b5
Nb8 21. c5 Nd7 22. Bf4 Kd8 23. d6 cxd6 24. Bxd6 Nf6 25. Bb8 Kc8 26. Bxh2 Nd5
27. Rg1 g6 28. Rf1 f5 29. Be5 f4 30. a4 g5 31. a5 Nc3 32. a6 bxa6 33. bxa6 Re6
34. Rf3 Nd5 35. Rb3 Rxa6 36. Rb4 Kd7 37. Rb7+ Ke6 38. Rxh7 Ra1+ 39. Kg2 g4 40.
Rh6+ Kf5 41. c6 Rc1 42. c7 Ne3+ 43. Kf2 Rc2+ 44. Kg1 g3 45. Rf6+ Kg5 46. Bxf4+
Kxf6 47. Bxe3 Rxc7 48. Kg2 Rc3 49. Bf4 a5 0-1

[Event "III Festival A"]
[Site "Verona ITA"]
[Date "1997.01.??"]
[Round "6"]
[White "Di Lazzaro, Gabriele"]
[Black "Barbieri, Giovanni"]
[Result "1/2-1/2"]
[WhiteElo "2095"]
[BlackElo "2150"]
[PlyCount "112"]
[EventDate "1997.01.02"]

1. Nf3 Nf6 2. g3 g6 3. b3 Bg7 4. Bb2 d6 5. d4 Nbd7 6. Bg2 O-O 7. c4 c6 8. O-O
Qc7 9. Nc3 a6 10. Rc1 e5 11. Qc2 Rb8 12. Rfd1 Re8 13. dxe5 dxe5 14. e4 Nb6 15.
c5 Nbd7 16. Na4 Nf8 17. Nb6 N6d7 18. Nc4 Ne6 19. b4 h6 20. Bc3 Ng5 21. Nxg5
hxg5 22. Nd6 Rf8 23. Qd2 Nf6 24. Qxg5 Ng4 25. Bd2 Bf6 26. h3 Bxg5 27. Bxg5 f6
28. Bd2 b6 29. hxg4 bxc5 30. bxc5 Bxg4 31. f3 Be6 32. Bf1 a5 33. Rc2 Rfd8 34.
Be3 Rd7 35. g4 g5 36. Rh2 Rh7 37. Rhd2 Rd7 38. Rh2 Rbd8 39. Rhd2 a4 40. Rd3 Qa7
41. Ra3 Bxa2 42. Ra1 Bb3 43. Kf2 Qc7 44. Bc4+ Bxc4 45. Nxc4 Rb8 46. Rxa4 Qd8
47. Ra6 Rh7 48. Nd6 Rh2+ 49. Kg3 Re2 50. Bc1 Qf8 51. R6a2 Rxa2 52. Rxa2 Rb1 53.
Be3 Qb8 54. Nf5 Kf8 55. Rh2 Kf7 56. Nd6+ Kg7 1/2-1/2

[Event "III Festival A"]
[Site "Verona ITA"]
[Date "1997.01.??"]
[Round "6"]
[White "Farina, Saverio"]
[Black "Satta, Vladimiro"]
[Result "1-0"]
[WhiteElo "2170"]
[BlackElo "2245"]
[PlyCount "99"]
[EventDate "1997.01.02"]

1. d4 d6 2. c4 e5 3. e3 g6 4. Nc3 Bg7 5. Nf3 Nc6 6. Be2 Bg4 7. Nxe5 Bxe2 8.
Nxc6 Bxd1 9. Nxd8 Bg4 10. Nxb7 a5 11. Nb5 Kd7 12. Bd2 a4 13. f3 Be6 14. d5 Bxd5
15. cxd5 Rb8 16. Bc3 Bf6 17. N7xd6 cxd6 18. Nd4 Ne7 19. e4 Rhc8 20. a3 Rc4 21.
Rd1 Be5 22. Ke2 f5 23. Kd3 Rcc8 24. Rhf1 Rb7 25. g4 Rg8 26. gxf5 gxf5 27. Rg1
Rg6 28. Nxf5 Bxc3 29. bxc3 Rb3 30. Nxe7 Kxe7 31. Rxg6 hxg6 32. f4 Rxa3 33. e5
Ra2 34. Rd2 Ra1 35. Rb2 a3 36. Rb7+ Kd8 37. Ra7 Rd1+ 38. Kc4 Rf1 39. Ra8+ Ke7
40. exd6+ Kxd6 41. Ra6+ Kd7 42. Rxa3 Rxf4+ 43. Kc5 Rf2 44. Ra7+ Kd8 45. Rg7 Rf3
46. c4 Rf4 47. d6 Rg4 48. Kd5 Rf4 49. c5 Kc8 50. c6 1-0

[Event "III Festival A"]
[Site "Verona ITA"]
[Date "1997.01.??"]
[Round "6"]
[White "Ferretti, Folco"]
[Black "Dalponte, Dino"]
[Result "1-0"]
[WhiteElo "2255"]
[BlackElo "2195"]
[PlyCount "99"]
[EventDate "1997.01.02"]

1. e4 e6 2. d4 d5 3. Nd2 Nf6 4. e5 Nfd7 5. Bd3 c5 6. c3 Nc6 7. Ne2 cxd4 8. cxd4
Qb6 9. Nf3 Bb4+ 10. Kf1 h6 11. a3 Be7 12. b4 a6 13. h4 Nf8 14. Be3 Bd7 15. Nc3
Na7 16. g3 Bb5 17. Kg2 Bxd3 18. Qxd3 Nd7 19. g4 Qc6 20. g5 Nb6 21. Rac1 Nc4 22.
g6 f5 23. exf6 Bxf6 24. Bf4 O-O 25. Ne2 Qa4 26. Ng5 Rfe8 27. Qf3 Qxa3 28. Rc3
Qxb4 29. Nxe6 Rxe6 30. Qxd5 Rae8 31. Rxc4 Qb5 32. Nc3 Qxd5+ 33. Nxd5 Bd8 34. h5
Rf8 35. Be5 Nc6 36. f4 Nxe5 37. fxe5 b5 38. Rc8 a5 39. Rf1 Rfe8 40. Rf7 a4 41.
Ra8 Kh8 42. Raa7 Rg8 43. Nf6 Bxf6 44. exf6 Rge8 45. Rae7 gxf6 46. g7+ Kg8 47.
Rf8+ Rxf8 48. gxf8=Q+ Kxf8 49. Rxe6 a3 50. Rxf6+ 1-0

[Event "III Festival A"]
[Site "Verona ITA"]
[Date "1997.01.??"]
[Round "6"]
[White "Genocchio, Daniele"]
[Black "Maccapan, Fabio"]
[Result "1-0"]
[WhiteElo "2175"]
[BlackElo "1819"]
[PlyCount "47"]
[EventDate "1997.01.02"]

1. e4 c5 2. Nf3 Nc6 3. c3 Nf6 4. e5 Nd5 5. Bc4 Nb6 6. Bb3 e6 7. O-O Qc7 8. d4
cxd4 9. cxd4 d6 10. Bf4 dxe5 11. dxe5 Be7 12. Nc3 a6 13. Rc1 O-O 14. Ne4 Rd8
15. Qc2 Nd5 16. Bg3 h6 17. a3 Qa5 18. Rfd1 Bf8 19. h3 Nde7 20. Nd6 Ng6 21. Nxf7
Rxd1+ 22. Rxd1 Kxf7 23. Qf5+ Kg8 24. Qxg6 1-0

[Event "III Festival A"]
[Site "Verona ITA"]
[Date "1997.01.??"]
[Round "6"]
[White "Giretti Kanev, Jasen"]
[Black "Dallaglio, Giovanni"]
[Result "1/2-1/2"]
[WhiteElo "2165"]
[BlackElo "2075"]
[PlyCount "128"]
[EventDate "1997.01.02"]

1. Nf3 c5 2. c4 Nc6 3. Nc3 g6 4. g3 Bg7 5. Bg2 d6 6. O-O Nh6 7. e3 Nf5 8. b3
Bd7 9. Bb2 h5 10. h4 O-O 11. d3 a6 12. Qd2 Rb8 13. Ne2 Bxb2 14. Qxb2 b5 15. e4
Ng7 16. cxb5 axb5 17. Qd2 Bg4 18. d4 Bxf3 19. Bxf3 cxd4 20. Nxd4 Nxd4 21. Qxd4
b4 22. Rfc1 Ne6 23. Qd2 Qb6 24. Rc4 Rfc8 25. Rac1 Rxc4 26. Rxc4 Kg7 27. g4 hxg4
28. Bxg4 Qa5 29. f4 f5 30. Bh3 Kf7 31. h5 Rg8 32. h6 Rh8 33. exf5 gxf5 34. Qc2
Qb6+ 35. Kh2 Nd4 36. Qf2 e5 37. fxe5 dxe5 38. Bxf5 Rxh6+ 39. Bh3+ Rf6 40. Qg2
Nf3+ 41. Kh1 Qd6 42. Qc2 Ng5 43. Rc7+ Kf8 44. Bg2 Rh6+ 45. Kg1 Qd4+ 46. Qf2+
Rf6 47. Qxd4 exd4 48. Rd7 Ra6 49. Rxd4 Rxa2 50. Rxb4 Ke7 51. Kf1 Ne6 52. Rb6
Nd4 53. b4 Ra4 54. Be4 Kd7 55. Rb8 Kc7 56. Rb7+ Kd6 57. Bd3 Nc6 58. b5 Ne5 59.
Be4 Nd7 60. Kf2 Nc5 61. Rb6+ Ke7 62. Ke3 Rb4 63. Rc6 Rxb5 64. Rxc5 Rxc5 1/2-1/2

[Event "III Festival A"]
[Site "Verona ITA"]
[Date "1997.01.??"]
[Round "6"]
[White "Guido, Flavio"]
[Black "Wohl, Aleksandar H."]
[Result "0-1"]
[WhiteElo "2300"]
[BlackElo "2425"]
[PlyCount "90"]
[EventDate "1997.01.02"]

1. e4 Nc6 2. d4 e5 3. d5 Nce7 4. g3 d6 5. c4 f5 6. Nc3 Nf6 7. Bg2 g6 8. Nge2
Bg7 9. O-O O-O 10. Bd2 h6 11. Qc1 Kh7 12. f4 c6 13. Kh1 Nxe4 14. Nxe4 fxe4 15.
dxc6 bxc6 16. fxe5 Rxf1+ 17. Qxf1 d5 18. Bb4 Nf5 19. Qf4 Qb6 20. Ba3 Be6 21.
cxd5 cxd5 22. Nc3 Rd8 23. Rd1 Ne3 24. Na4 Nxg2 25. Kxg2 Qc6 26. Nc3 Rd7 27. Bd6
Rf7 28. Qe3 Qa6 29. Qe2 Qc8 30. Qd2 Bh3+ 31. Kg1 Qf5 32. Qf4 Qe6 33. Qd2 Bxe5
34. Bxe5 Qxe5 35. Nxd5 Rd7 36. Qf4 Qxf4 37. gxf4 Kg7 38. Ne3 Rf7 39. Rd4 Rxf4
40. Ra4 Rf7 41. Rxe4 Rd7 42. Kf2 Rd2+ 43. Kg3 Bd7 44. Nc4 Rd3+ 45. Kf4 Bf5 0-1

[Event "III Festival A"]
[Site "Verona ITA"]
[Date "1997.01.??"]
[Round "6"]
[White "Lagrotteria, Salvatore"]
[Black "Everet, Alexandro"]
[Result "0-1"]
[WhiteElo "2215"]
[BlackElo "2135"]
[PlyCount "118"]
[EventDate "1997.01.02"]

1. Nf3 d5 2. d4 Bf5 3. c4 e6 4. Nc3 Nf6 5. Bg5 Be7 6. e3 Nbd7 7. cxd5 exd5 8.
Be2 O-O 9. O-O c6 10. Nh4 Be6 11. f4 Ne4 12. Nxe4 dxe4 13. Bxe7 Qxe7 14. g3 f5
15. Ng2 Nf6 16. Ne1 Rfd8 17. Qa4 b5 18. Qa5 Nd5 19. Nc2 g5 20. Rf2 gxf4 21.
gxf4 Kh8 22. Kh1 Rg8 23. Rg1 Rxg1+ 24. Kxg1 Qf6 25. Rg2 Qh6 26. Qa3 Rg8 27.
Qxa7 Qh3 28. Rxg8+ Bxg8 29. Qb8 h6 30. Qe5+ Kh7 31. Kf2 Qxh2+ 32. Ke1 Qg3+ 33.
Kd2 Qg6 34. Qb8 h5 35. Qd8 Nf6 36. Nb4 h4 37. Bf1 Bc4 38. Bh3 Qh5 39. Qe7+ Kg6
40. Kc1 Qe2 41. Nc2 Bd3 42. Qc5 Qxc2+ 43. Qxc2 Bxc2 44. Kxc2 Ng4 45. Kd2 Nf2
46. Bf1 h3 47. a3 h2 48. Bg2 h1=Q 49. Bxh1 Nxh1 50. b3 Kf7 51. a4 bxa4 52. bxa4
Ke6 53. a5 Kd6 54. Kc3 Ng3 55. a6 Kc7 56. Kc4 Kb6 57. d5 cxd5+ 58. Kxd5 Kxa6
59. Ke6 Nf1 0-1

[Event "III Festival A"]
[Site "Verona ITA"]
[Date "1997.01.??"]
[Round "6"]
[White "Luciani, Valerio"]
[Black "Messa, Roberto"]
[Result "1/2-1/2"]
[WhiteElo "2180"]
[BlackElo "2305"]
[PlyCount "57"]
[EventDate "1997.01.02"]

1. c4 Nf6 2. Nc3 g6 3. g3 Bg7 4. Bg2 O-O 5. Nf3 Nc6 6. O-O d6 7. d4 a6 8. h3
Rb8 9. Be3 Bd7 10. Rc1 b5 11. cxb5 axb5 12. Nd2 e5 13. dxe5 dxe5 14. Nde4 Nxe4
15. Nxe4 Nd4 16. Bd2 b4 17. e3 Ne6 18. a3 bxa3 19. bxa3 Bb5 20. Re1 Bd3 21. Bb4
Re8 22. Rc3 Bb5 23. Qc1 Ba4 24. Nc5 Nxc5 25. Rxc5 Bf8 26. Rxc7 Bxb4 27. axb4
Rxb4 28. Qc5 Qd2 29. Qc1 1/2-1/2

[Event "III Festival A"]
[Site "Verona ITA"]
[Date "1997.01.??"]
[Round "6"]
[White "Mrdja, Milan"]
[Black "Sulava, Nenad"]
[Result "1/2-1/2"]
[WhiteElo "2425"]
[BlackElo "2380"]
[PlyCount "79"]
[EventDate "1997.01.02"]

1. e4 c5 2. Nf3 a6 3. c4 e6 4. Nc3 b6 5. d4 cxd4 6. Nxd4 Bb7 7. Bd3 g6 8. Be3
d6 9. Qd2 Nd7 10. O-O Ngf6 11. f3 Rc8 12. b3 Qc7 13. Rac1 Qb8 14. Rfd1 Be7 15.
Bh6 Rg8 16. Bf1 Rc5 17. Be3 g5 18. Nde2 g4 19. Bxc5 Nxc5 20. b4 gxf3 21. bxc5
fxe2 22. Qxe2 dxc5 23. Rd3 Qe5 24. Rcd1 Rg6 25. g3 b5 26. Bg2 Bc6 27. Qd2 Kf8
28. Re3 Kg7 29. Nd5 Bxd5 30. exd5 Qd4 31. Qe2 Qxc4 32. Qxc4 bxc4 33. dxe6 Ng4
34. Re4 f5 35. Rxc4 Kf6 36. Bd5 Ne3 37. Rdc1 Nxc4 38. Rxc4 Rg8 39. Bg2 Kxe6 40.
Rc2 1/2-1/2

[Event "III Festival A"]
[Site "Verona ITA"]
[Date "1997.01.??"]
[Round "6"]
[White "Peric, Slavisa"]
[Black "Lucaroni, Massimiliano"]
[Result "0-1"]
[WhiteElo "2260"]
[BlackElo "2265"]
[PlyCount "84"]
[EventDate "1997.01.02"]

1. d4 Nf6 2. c4 c5 3. d5 b5 4. Bg5 Ne4 5. Bf4 bxc4 6. Qc2 Nf6 7. e4 d6 8. Bxc4
g6 9. Nf3 Bg7 10. O-O O-O 11. h3 Ba6 12. Nbd2 Nfd7 13. Rab1 Nb6 14. a3 Nxc4 15.
Nxc4 Nd7 16. Rfe1 Rb8 17. b3 Bxc4 18. bxc4 Qc7 19. Bd2 Ne5 20. Nxe5 Bxe5 21.
Bc3 f6 22. Bxe5 fxe5 23. Qa4 Rb6 24. Rb5 Rxb5 25. Qxb5 Rb8 26. Qa4 Kg7 27. Re3
Qb7 28. Kh2 Rf8 29. Rb3 Qc7 30. Kg1 Rf4 31. Qa6 Rxe4 32. Rb7 Re1+ 33. Kh2 Qd8
34. Qxa7 Qf8 35. Rb3 Qxf2 36. Qxe7+ Kh6 37. Rf3 Qg1+ 38. Kg3 Re4 39. Qe8 Kh5
40. Qf7 Kh6 41. Qf8+ Kh5 42. Qxd6 Re2 0-1

[Event "III Festival A"]
[Site "Verona ITA"]
[Date "1997.01.??"]
[Round "6"]
[White "Ravagnani, Tiziano"]
[Black "Zoldan, Matteo"]
[Result "0-1"]
[WhiteElo "1914"]
[BlackElo "2155"]
[PlyCount "66"]
[EventDate "1997.01.02"]

1. e4 c5 2. Nf3 d6 3. d4 cxd4 4. Nxd4 Nf6 5. Nc3 e6 6. Bg5 Be7 7. Qd2 a6 8.
O-O-O O-O 9. f4 Nbd7 10. Be2 Qc7 11. Bf3 Rb8 12. Kb1 Nb6 13. Qd3 Bd7 14. Nb3
Rbc8 15. Rhe1 Rfd8 16. f5 Nc4 17. fxe6 fxe6 18. Nd4 Qc5 19. h4 b5 20. Nb3 Qc7
21. Nd5 exd5 22. exd5 Re8 23. Nd4 Ne5 24. Rxe5 dxe5 25. Nc6 Qd6 26. Qb3 Kh8 27.
Nxe7 Rxe7 28. Bd2 Ree8 29. Bb4 Qb6 30. d6 Bf5 31. Rd2 Rxc2 32. d7 Rxd2+ 33. Kc1
Rxd7 0-1